Islamic Economics (Record no. 14587)

MARC details
000 -LEADER
fixed length control field 00603nam a2200241 a 4500
020 ## - INTERNATIONAL STANDARD BOOK NUMBER
ISBN
082 00 - DEWEY DECIMAL CLASSIFICATION NUMBER
Classification number 330.10297
Author Cutter SAD
100 ## - MAIN ENTRY--AUTHOR NAME
Author name Sadeq, A H M
245 ## - TITLE STATEMENT
Title Islamic Economics
Sub title Some Selected Issues
260 ## - PUBLICATION, DISTRIBUTION, ETC. (IMPRINT)
Place of publication Delhi
Name of publisher Naushaba Publications
Year of publication 1995
300 ## - PHYSICAL DESCRIPTION
Number of Pages 179p
500 ## - GENERAL NOTE
General note includes index and biblioraphy
505 2# - FORMATTED CONTENTS NOTE
Formatted contents note Index, Quranic Verses
650 ## - SUBJECT ADDED ENTRY--TOPICAL TERM
Topical Term Economics-Islam
942 ## - ADDED ENTRY ELEMENTS (KOHA)
Koha item type Books
700 1# -
-- Sadeq, A H M
Holdings
Collection code Home library Current library Date acquired Cost, normal purchase price Full call number Accession Number Koha item type
  Henry Martyn Institute Library Henry Martyn Institute Library 04/30/2007 60.00 330.10297 SAD 020577 Books
                   Copyright © 2026 | Henry Martyn Institute | Hyderabad | TS-500052 | INDIA | Implemented by hmi.edu.in
Hit-Count:

Powered by Koha